000 00295nam a22001337a 4500
008 170912b xxu||||| |||| 00| 0 eng d
020 _a0070044732
041 _aeng
080 _24TH
_a53
100 _a43
101 _aFIZ
245 _aCONCEPTS OF MODERN PHYSICS
_cBEISER,A
942 _2udc
_cBK
999 _c27330
_d27330